La hojarasca

Guardat en:
Dades bibliogràfiques
Autor principal: García Márquez, Gabriel (Autor)
Format: Llibre
Idioma:espanyol
Publicat: Bogotá Norma 2012
Edició:1a. ed
Col·lecció:Para Todos
Matèries:
Etiquetes: Afegir etiqueta
Sense etiquetes, Sigues el primer a etiquetar aquest registre!

MARC

LEADER 00000cam a2200000 a 4500
001 UCE5677
003 CL-VaPUC
008 150305e20120000ck |||||||||||||||||spa|d
020 |a 9789585710399 
082 0 4 |a Co863  |b GAR  |2 21 
100 0 |a García Márquez, Gabriel  |e author  |9 318478 
245 1 3 |a La hojarasca 
250 |a 1a. ed 
300 |a 118 p 
942 |c BK 
945 |d 20150305 12:52:00  |a dcastane 
260 |a Bogotá  |b Norma  |c 2012 
650 0 |a Novelas colombianas  |9 266734 
650 0 |a Literatura colombiana   |9 315578 
583 |a last modification  |c 20150305 12:52:00  |k Rodrigo Vera 
490 0 |a Para Todos 
999 |c 358326  |d 358324 
952 |0 0  |1 0  |3 erb  |4 0  |6 CO_863_000000000000000_GAR_2012  |7 0  |8 R  |9 466960  |a BIBEDU  |b BIBEDU  |c MCIRC  |i 5137268  |o Co863 GAR 2012  |p 5137268  |r 2023-01-13  |w 2019-11-23  |y BK_R  |z Catalogado en:20150305  |k LIT